Vécu d’un adolescent présentant une anomalie de la différenciation sexuelle (ADS) (notice n° 1759155)

détails MARC
000 -LEADER
fixed length control field 02817cam a2200361 4500500
005 - DATE AND TIME OF LATEST TRANSACTION
control field 20260322010745.0
041 ## - LANGUAGE CODE
Language code of text/sound track or separate title fre
042 ## - AUTHENTICATION CODE
Authentication code dc
100 10 - MAIN ENTRY--PERSONAL NAME
Personal name Noudamadjo, Alphonse
Relator term author
245 00 - TITLE STATEMENT
Title Vécu d’un adolescent présentant une anomalie de la différenciation sexuelle (ADS)
260 ## - PUBLICATION, DISTRIBUTION, ETC.
Date of publication, distribution, etc. 2015.<br/>
500 ## - GENERAL NOTE
General note 7
520 ## - SUMMARY, ETC.
Summary, etc. Vivre avec une ambiguïté sexuelle constitue un poids à la fois social et psychologique énorme en milieu Bariba au Bénin où la culture place l’homme au dessus de la femme. Zénabou de sexe masculin génétiquement, mais précocement baptisé fille par une erreur d’appréciation clinique de son sexe à la naissance, s’emploie à son corps défendant pour réparer cette erreur initiale et réintégrer son univers psychosocial. Les circonstances de prise de contact avec lui, son vécu psychosocial et le poids du regard de la communauté sont les éléments rapportés par les auteurs dans ce travail. Ce cas de pseudohermaphrodisme masculin suggère la nécessité d’une déclaration différée du sexe à l’état civil. Ce qui éviterait les erreurs diagnostiques particulièrement préjudiciables pour l’acquisition d’une identité psychosexuelle stable par de tels enfants / adolescents.
520 ## - SUMMARY, ETC.
Summary, etc. Suffering of a teenager with a disorder of sex development (DSD) —  living with a sexual ambiguity constitutes a psychological weight in the Bariba socio-cultural area in Benin where men are considered as the superior sex. Zénabou genetically male, but early called girl because of a clinical error of assessment of sex during his birth will to repair this initial error. His psychosocial experience and the weight of the look of his community are reported in this work. This case of male pseudohermaphrodite suggests the need for a delayed sex civil status statement This would avoid harmful diagnostic error, particularly damaging for the acquisition of a stable psychosexual identity for children and adolescents.
690 ## - LOCAL SUBJECT ADDED ENTRY--TOPICAL TERM (OCLC, RLIN)
Topical term or geographic name as entry element Anomalie de la différenciation sexuelle
690 ## - LOCAL SUBJECT ADDED ENTRY--TOPICAL TERM (OCLC, RLIN)
Topical term or geographic name as entry element Bénin
690 ## - LOCAL SUBJECT ADDED ENTRY--TOPICAL TERM (OCLC, RLIN)
Topical term or geographic name as entry element identité psychosexuelle
690 ## - LOCAL SUBJECT ADDED ENTRY--TOPICAL TERM (OCLC, RLIN)
Topical term or geographic name as entry element pseudohermaphrodisme masculin
690 ## - LOCAL SUBJECT ADDED ENTRY--TOPICAL TERM (OCLC, RLIN)
Topical term or geographic name as entry element Benin
690 ## - LOCAL SUBJECT ADDED ENTRY--TOPICAL TERM (OCLC, RLIN)
Topical term or geographic name as entry element disorder of sex development
690 ## - LOCAL SUBJECT ADDED ENTRY--TOPICAL TERM (OCLC, RLIN)
Topical term or geographic name as entry element male pseudo hermaphrodite
690 ## - LOCAL SUBJECT ADDED ENTRY--TOPICAL TERM (OCLC, RLIN)
Topical term or geographic name as entry element psychosexual identity
700 10 - ADDED ENTRY--PERSONAL NAME
Personal name Agossou, Joseph
Relator term author
700 10 - ADDED ENTRY--PERSONAL NAME
Personal name Adèdémy, Julien Didier
Relator term author
700 10 - ADDED ENTRY--PERSONAL NAME
Personal name Tchegnonsi, F.
Relator term author
700 10 - ADDED ENTRY--PERSONAL NAME
Personal name Djidonou, Anselme
Relator term author
700 10 - ADDED ENTRY--PERSONAL NAME
Personal name Dodji Mensah, Antoine Emile
Relator term author
700 10 - ADDED ENTRY--PERSONAL NAME
Personal name Olodo, Laifoya
Relator term author
700 10 - ADDED ENTRY--PERSONAL NAME
Personal name Lalèyè, Anatole
Relator term author
700 10 - ADDED ENTRY--PERSONAL NAME
Personal name Gandaho, Prosper
Relator term author
786 0# - DATA SOURCE ENTRY
Note Psy Cause | 68 | 1 | 2015-01-20 | p. 17-21 | 1245-2394
856 41 - ELECTRONIC LOCATION AND ACCESS
Uniform Resource Identifier <a href="https://shs.cairn.info/revue-psy-cause-2015-1-page-17?lang=fr&redirect-ssocas=7080">https://shs.cairn.info/revue-psy-cause-2015-1-page-17?lang=fr&redirect-ssocas=7080</a>

Pas d'exemplaire disponible.

PLUDOC

PLUDOC est la plateforme unique et centralisée de gestion des bibliothèques physiques et numériques de Guinée administré par le CEDUST. Elle est la plus grande base de données de ressources documentaires pour les Étudiants, Enseignants chercheurs et Chercheurs de Guinée.

Adresse

627 919 101/664 919 101

25 boulevard du commerce
Kaloum, Conakry, Guinée

Réseaux sociaux

Powered by Netsen Group @ 2025